Acción colectiva, movilización y solidaridad en la Fiat y Renault de Córdoba : (1996-1997) /

Detalles Bibliográficos
Autor principal: Atzeni, Maurizio (Autor)
Otros Autores: Seia, Luis (Traductor)
Formato: Electrónico eBook
Lenguaje:español
inglés
Publicado: Villa María, Córdoba, Argentina : Eduvim, 2022.
Colección:Colección Poliedros.
Materias:
Acceso en línea:Digitalia Hispánica

MARC

LEADER 00000nam a2200000Ii 4500
001 DIGEDUV0329
003 NyNyDIG
006 m o d
007 cr |||||||||||
008 240901s2022 ag a ob 000 0 spa d
035 |a (OCoLC)1454785479 
040 |a DGITA  |b eng  |e rda  |e pn  |c DGITA 
020 |a 9789876997621  |q eBook 
020 |z 9789876997331 
041 1 |a spa  |h eng 
043 |a s-ag--- 
050 1 4 |a HD6350 ebook 
100 1 |a Atzeni, Maurizio,  |e author. 
245 1 0 |a Acción colectiva, movilización y solidaridad en la Fiat y Renault de Córdoba :  |b (1996-1997) /  |c Maurizio Atzeni ; traducción de Luis Seia. 
264 1 |a Villa María, Córdoba, Argentina :  |b Eduvim,  |c 2022. 
300 |a 1 online resource :  |b illustrations. 
336 |a text  |b txt  |2 rdacontent 
337 |a computer  |b c  |2 rdamedia 
338 |a online resource  |b cr  |2 rdacarrier 
347 |a text file  |2 rdaft 
347 |b EPUB 
504 |a Includes bibliographical references. 
588 0 |a Online resource; title from ePub title page (Digitalia, viewed September 1, 2024) 
650 0 |a Labor unions  |x Political activity  |z Argentina. 
700 1 |a Seia, Luis,  |e translator. 
776 0 8 |i Print version:  |a Atzeni, Maurizio.  |t Acción colectiva, movilización y solidaridad en la Fiat y Renault de Córdoba.  |d Villa María, Córdoba, Argentina : Eduvim, 2022  |z 9789876997331 
791 2 |a Digitalia (Firm),  |e distributor. 
793 0 |g Digitalia eBook Collection:  |a Ediciones Eduvim 
830 0 |a Colección Poliedros. 
856 4 0 |3 Digitalia Hispánica  |u https://www.digitaliapublishing.com/a/158342/ 
910 |a Premium collection: 2024